Gry video po słabym opisie - Statystyki

Ogólne statystyki
  • Ten quiz został rozwiązany 156 razy
  • Średni wynik to 9 z 20
Statystyki odpowiedzi
Słaby opis Gra video % Poprawnych
Granie w piłkę nożną w serii gier której gry wogóle niczym się nie różnią FIFA / EA Sports FC
97%
Żółta duża kulka je białe małe kulki i nie wiadomo czemu gonią ją duchy Pac-Man
91%
Ptaki nienawidzą świń Angry Birds
73%
Strzelanka przejęta przez Rosjan Counter Strike
73%
Piłka nożna ale z samochodami Rocket League
71%
Hydraulik ratuje kobietę od złego dużego żółwia Super Mario Bros
66%
Kowboje Red Dead Redemption
64%
Klocki i zielone wybuchające stworki Minecraft
60%
Kangur z rękawicami bokserskimi szuka swojego ojca i siostry Kangurek Kao
56%
Józef Stalin goni dzieciaka po torach kolejowych Subway Surfers
55%
Popełnianie przestępstw i chodzenie do "sklepów z butami" Grand Theft Auto
50%
Tworzysz chorobę i zabijasz nią ludzi Plague Inc.
47%
Kubki przegrywają swoje dusze w hazardzie i muszą je odzyskać Cuphead
38%
Jakiś typ porywa zwierzęta i je zmusza do walki Pokemon
36%
Niebieski jeż się bije z grubym mądrym gościem Sonic the Hedgehog
21%
Różowy gość wciąga innych ludzi Kirby
12%
Dziecko wpada do dziury Undertale
12%
Strategia w której możesz stworzyć FIELGOM BOLZGĘ (pewnie dlatego że stworzył ją Polak) Age of History 2
3%
Jeździsz traktorami i wykonujesz zadania na polu Farming Symulator
3%
Fizyk wykonuje eksperyment a potem ucieka z budynku, bo go przejeły jakieś stwory Half-Live
2%
Nie znaleziono quizów pasujących do podanych kryteriów
Rozkład punktacji
Procent ludzi z każdym wynikiem
Percentyl według liczby udzielonych odpowiedzi
Twoja historia wyników
Nie rozwiązałeś tego quizu